LEADER 01236nam a2200253 i 4500 001 000000063245 003 CaOOAMICUS 005 20230316104746.0 008 130924s1983 it u000 u ita u 040 $aSeMil$bita 100 1 $aCappellini, Ernesto.$0(OLS)http://semarc/name/8744 245 13$aIl nuovo codice :$bproposte di interpetazione e contenuto normativo /$cErnesto Cappellini, Mario Marchesi ; con la collaborazione di Francesco D'Ostilio. 264 1$aBrescia :$bQueriniana,$c1983. 300 $a168 p. ;$c20 cm. 490 0 $aGiornale di teologia ;$v144 650 4$aDiritto canonico - Codice - Commentari, studi, critica e interpretazioni.$0(OLS)http://semarc/subject/329 700 1 $aMarchesi, Mario.$0(OLS)http://semarc/name/21773 700 1 $aD'Ostilio, Francesco,$c.$0(OLS)http://semarc/name/27025 830 0$aGiornale di teologia ;$v144.$0(OLS)http://semarc/title/419620 850 $aSeMil 852 $aSeMil$W1$xVenegono$y1$m2XA G 144$j238539$B29398$CSeMilBibl$Z2$F29401 $81 996 $6245$aIl nuovo codice :$bproposte di interpetazione e contenuto normativo$9(OLS)http://semarc/title/99826 996 $6264$aBrescia :$bQueriniana$9(OLS)http://semarc/publisher/29615 LEADER 00909nam a2200229 i 4500 001 000000139049 003 CaOOAMICUS 005 20061031000000.0 008 061031s1957 gw u000 u ger u 013 $a113053 040 $aSeMil$bita 100 1 $aGarden, Ernest.$0(OLS)http://semarc/name/56214 245 10$aSagt die Bibel die Wahrheit? /$cErnest Garden. 260 $aLüneburg :$bMetta Kinau,$cCopyr. 1957. 300 $a251 p. ;$c24 cm. 650 4$aBibbia - Commentari, studi, critica, interpretazioni.$0(OLS)http://semarc/subject/783 650 4$aBibbia - Storicitŕ.$0(OLS)http://semarc/subject/27307 850 $aSeMil 852 $aSeMil$W1$xVenegono$y1$m2V IV 23$j270042$B92488$CSeMilBibl$Z2$F116277 $81 961 $aRecupero: Altro 996 $6245$aSagt die Bibel die Wahrheit?$9(OLS)http://semarc/title/203216 996 $6260$aLüneburg :$bMetta Kinau$9(OLS)http://semarc/publisher/47171